| 000 | 00583cam a2200205 4500 | ||
|---|---|---|---|
| 008 | 090401t1990 xxu||||| |||| 00| 0 eng d | ||
| 020 | _a0729209717 | ||
| 035 | _a(Sirsi) u14975 | ||
| 041 | _aeng | ||
| 050 | _a338.4369094 | ||
| 110 |
_aConstruction Industry Sector Group _91655 |
||
| 245 | _aGateway to Europe : a manual for the construction industry | ||
| 260 |
_aLondon _bNational Economic Development Office _c1990 |
||
| 300 | _a179p. : ill.,maps ; 25cm. | ||
| 350 | _a80 | ||
| 650 | _aBUILDING INDUSTRY | ||
| 650 | _aSINGLE MARKET | ||
| 942 | _n0 | ||
| 948 | _c04/03/1997 | ||
| 999 |
_c87233 _d87233 |
||